Practical property development and finance. (Record no. 95101)

MARC details
000 -LEADER
fixed length control field 00907cam a2200265 4500
008 - FIXED-LENGTH DATA ELEMENTS--GENERAL INFORMATION
fixed length control field 090401t1996 xxu||||| |||| 00| 0 eng d
020 ## - INTERNATIONAL STANDARD BOOK NUMBER
International Standard Book Number 0752002171
035 ## - SYSTEM CONTROL NUMBER
System control number (Sirsi) u68440
041 ## - LANGUAGE CODE
Language code of text/sound track or separate title eng
050 ## - LIBRARY OF CONGRESS CALL NUMBER
Classification number 333.33
100 ## - MAIN ENTRY--PERSONAL NAME
Personal name Bruce-Radcliffe, Godfrey
245 ## - TITLE STATEMENT
Title Practical property development and finance.
260 ## - PUBLICATION, DISTRIBUTION, ETC.
Place of publication, distribution, etc. London
Name of publisher, distributor, etc. FT Law & Tax
Date of publication, distribution, etc. 1996
300 ## - PHYSICAL DESCRIPTION
Extent xiii,186p. ; 23cm.
350 ## - PRICE (NR) (BK AM CF MU VM SE) [OBSOLETE]
Price 50
520 ## - SUMMARY, ETC.
Summary, etc. A practical guide for professionals to the commercial property development process. Covers site acquisition, the professional team, development cost, the construction process, completion, letting, funding, default and disputes.
650 ## - SUBJECT ADDED ENTRY--TOPICAL TERM
Topical term or geographic name entry element DEVELOPMENT COSTS
650 ## - SUBJECT ADDED ENTRY--TOPICAL TERM
Topical term or geographic name entry element LETTING POLICY
650 ## - SUBJECT ADDED ENTRY--TOPICAL TERM
Topical term or geographic name entry element PROPERTY DEVELOPMENT
650 ## - SUBJECT ADDED ENTRY--TOPICAL TERM
Topical term or geographic name entry element PROPERTY FINANCE
650 ## - SUBJECT ADDED ENTRY--TOPICAL TERM
Topical term or geographic name entry element SITE ASSEMBLY
690 ## - LOCAL SUBJECT ADDED ENTRY--TOPICAL TERM (OCLC, RLIN)
Topical term or geographic name as entry element PROPERTY-PROPERTY DEVELOPMENT
942 ## - ADDED ENTRY ELEMENTS (KOHA)
Suppress in OPAC 0
948 ## - LOCAL PROCESSING INFORMATION (OCLC); SERIES PART DESIGNATOR (RLIN)
c (OCLC) 04/03/1997
Holdings
Withdrawn status Lost status Source of classification or shelving scheme Damaged status Not for loan Home library Current library Shelving location Date acquired Total Checkouts Full call number Barcode Date last seen Date last checked out Copy number Price effective from Koha item type Cost, normal purchase price Cost, replacement price
    Dewey Decimal Classification     London London Books 11/10/2000 44 333.33 BRU 30062170 06/08/2019 17/02/2010 1 06/08/2019 Book    
    Dewey Decimal Classification     London London Books 14/09/1999   333.33 BRU 30057332 06/08/2019   2 06/08/2019 Book 55.00 55.00